| 000 | 00697 a2200157 4500 | ||
|---|---|---|---|
| 003 | Nust | ||
| 005 | 20170207154215.0 | ||
| 040 | _cNust | ||
| 082 | _a378.4 | ||
| 245 |
_aUni of Leeds- PG Prospectus 2001 _cUni of Leeds |
||
| 260 |
_aLeeds _bUni of Leeds _c2001 |
||
| 300 | _a252 p. | ||
| 505 | _aGeneral Introduction (Page 5-32) Arts (Page 33-72) Business and Social Sciences (Page 73-102) Law (Page 103-110) Education (Page 111-130) Biological Sciences (Page 131-142) Earth and Environment (Page 143-156) Mathematics Physical Sciences (Page 157-172) Engineering (Page 173-196) Medicine Dentistry, Psychology and Health (Page 197-232) | ||
| 538 | _aAlmirah No. 117 Shelf No. 2 | ||
| 650 | _aPG Prospectus | ||
| 942 |
_2ddc _cBK |
||
| 999 |
_c195076 _d195076 |
||